Tanulmányok Halasy-Nagy József filozófiájáról Scientia Potestas
Elmentve itt :
| Testületi szerző: | |
|---|---|
| További közreműködők: | |
| Adatforrás: | Philobibl |
| Dokumentumtípus: | Könyv |
| Nyelv: | magyar |
| Kulcsszavak: | társadalomelmélet filozófia, magyar filozófiatörténet művészetfilozófia Halasy-Nagy József |
| Megjelent: |
Szeged
Lectum
2004
|
| LEADER | 00752nam a2200193 c 4500 | ||
|---|---|---|---|
| 001 | bibPHI0042946 | ||
| 005 | 20240326144816.2 | ||
| 008 | 050903s2004 hu 00010 hun d | ||
| 245 | 0 | 0 | |a Tanulmányok Halasy-Nagy József filozófiájáról |b Scientia Potestas |c [szerk. Szabó Tibor] |
| 260 | |a Szeged |b Lectum |c 2004 | ||
| 300 | |a 190 p. | ||
| 504 | |a A Magyar Tudományos Akadémia és a Szegedi Akadémiai Bizottság által 2001. okt. 12-én Szegeden rendezett "Scientia Potestas" c. konferencia szerkesztett anyaga | ||
| 695 | |a társadalomelmélet | ||
| 695 | |a filozófia, magyar | ||
| 695 | |a filozófiatörténet | ||
| 695 | |a művészetfilozófia | ||
| 695 | |a Halasy-Nagy József | ||
| 700 | 1 | |a Szabó Tibor | |
| 710 | 2 | |a Magyar Tudományos Akadémia (Budapest) | |